000 00348nam a22001337a 4500
005 20170420100538.0
008 170420b xxu||||| |||| 00| 0 eng d
040 _cPK-LaUMT
082 _aZIAC 297.05
_bALA-
245 _aالاصدارات العربیۃ/
260 _aجدہ:
_bالمعھدالعلالمی،
_c1981
300 _a[]
942 _cBK
999 _c92747
_d92747